000 00559cam a2200157 4500500
005 20260208005831.0
041 _afre
042 _adc
100 1 0 _aKortländer, Bernd
_eauthor
700 1 0 _aSiepe, Hans T.
_eauthor
245 0 0 _aHeinrich Heine poète allemand et écrivain français
260 _c2005.
500 _a67
786 0 _nRevue d'histoire littéraire de la France | 105 | 4 | 2005-10-01 | p. 913-928 | 0035-2411
856 4 1 _uhttps://shs.cairn.info/revue-d-histoire-litteraire-de-la-france-2005-4-page-913?lang=fr&redirect-ssocas=7080
999 _c1654026
_d1654026